| 000 | 00912nam a2200229 a 4500 | ||
|---|---|---|---|
| 001 | 60206 | ||
| 003 | BD-RjUL | ||
| 005 | 20211209080820.0 | ||
| 008 | 161229s1971 bg ||||| |||| 00| 0 ben d | ||
| 035 | _a(BD-RjUL)60330 | ||
| 040 |
_aBD-RjUL _bben _cBD-RjUL _dBD-RjUL |
||
| 041 | _aben | ||
| 082 |
_223 _a320 _bLIR 1971 |
||
| 100 |
_aলিপসেট, সেমোর মার্টিন _9179244 |
||
| 245 | 1 | 0 |
_aরাজনীতি ও মানুষ / _cমূল : সেমোর মার্টিন লিপসেট, অনূবাদ : আহমদুর রহমান |
| 260 |
_aঢাকা : _bখোশরোজ কিতাব মহল, _c১৯৭১ |
||
| 300 |
_a২৫২ পৃ. , _c২১ সেমি. |
||
| 650 |
_aরাজনীতি _9170472 |
||
| 650 |
_aPolitics _9171312 |
||
| 700 |
_aরহমান, আহমদুর অনূবাদ : _9177229 |
||
| 942 |
_2ddc _cBK |
||
| 999 |
_c60206 _d60206 |
||